000 01203cam a2200385 i 4500
999 _c47915
_d47915
003 BJBSDDR
005 20230410115801.0
007 ta
008 121017s2008 it a 000 0 ita
020 _a9788842076247
020 _a8842076244
040 _bspa
_cBJBSDDR
041 0 _aita
050 1 4 _aHM 841
_bB347s 2002
082 0 0 _a303.4
100 1 _aBauman, Zygmunt,
_d1925-2017
240 1 0 _aSociety under siege.
_lItaliano
245 1 3 _aLa società sotto assedio /
_cZygmunt Bauman ; Traduzione di Sergio Minucci.
250 _a5a edizione
260 _aBari (Italy) :
_bGLF Editori Laterza,
_c2008
300 _axxxii, 293, [10] páginas ;
_c21 cm.
440 0 _aEconomica Laterza
_v355
504 _aIncluye referencias bibliográficas e índice.
650 0 _aSocial change.
650 0 _aInternationalism.
650 0 _aInternational relations and culture.
650 0 _aCivilization, Modern
_y1950-
650 4 _aCambio social
_91529
650 4 _aRelaciones internacionales y cultura
_922258
650 4 _aCivilización moderna
_93089
650 4 _aInternacionalismo
_926006
700 1 _926087
_aMinucci, Sergio
_etraductor
942 _2lcc
_cBK
946 0 0 _aYSL